Journal on Electronics Engineering (Record no. 10342)

MARC details
000 -LEADER
fixed length control field 00546nam a22001217a 4500
003 - CONTROL NUMBER IDENTIFIER
control field OSt
008 - FIXED-LENGTH DATA ELEMENTS--GENERAL INFORMATION
fixed length control field 201203b ||||| |||| 00| 0 eng d
245 ## - TITLE STATEMENT
Title Journal on Electronics Engineering
250 ## - EDITION STATEMENT
Edition statement 2016-17(Sep-Nov Vol.7 No.1, Dec-Feb Vol.7 No.2, Mar-May Vol.7 No.3) 2013-14(Dec-Feb Vol.4 No.2) 2014(Mar-May Vol.4 No.3, Jun-Aug Vol.4 No.4, Sep-Nov Vol.5 No.1) 2014-15(Mar-May Vol.5 No.3, Jun-Aug Vol.5 No.4)
260 ## - PUBLICATION, DISTRIBUTION, ETC. (IMPRINT)
Place of publication, distribution, etc Kanyakumari, Tamil Nadu
Name of publisher, distributor, etc I Manager Publications
650 ## - SUBJECT ADDED ENTRY--TOPICAL TERM
Topical term or geographic name as entry element Electronic and Communication Engineering
942 ## - ADDED ENTRY ELEMENTS (KOHA)
Source of classification or shelving scheme Dewey Decimal Classification
Koha item type BOUND VOLUME
Holdings
Withdrawn status Lost status Source of classification or shelving scheme Materials specified (bound volume or other part) Damaged status Not for loan Collection code Home library Current library Date acquired Source of acquisition Serial Enumeration / chronologySerial Enumeration / Volume No. Total Checkouts Acc. no. / Barcode Date last seen Bill Date Koha item type
    Dewey Decimal Classification Bound Volume   Not For Loan B.Tech(ECE) PIET C-LIBRARY PIET C-LIBRARY 11/01/2021 I Manager Publications 2016-17(Sep-Nov Vol.7 No.1, Dec-Feb Vol.7 No.2, Mar-May Vol.7 No.3) 2013-14(Dec-Feb Vol.4 No.2) 2014(Mar-May Vol.4 No.3, Jun-Aug Vol.4 No.4, Sep-Nov Vol.5 No.1) 2014-15(Mar-May Vol.5 No.3, Jun-Aug Vol.5 No.4)   BV1010 11/01/2021 09/01/2013 BOUND VOLUME

Design & Developed by: PIET Central Library
R70 Miles Stone Pattikalyana Samalkha Panipat 132102
mail ID :- [email protected], Phone No:- 0180-2569700 Ex.216